東南アジア諸国連合(ASEAN)の加盟国 - Statistics

General Stats
  • This quiz has been taken 162 times
    62 since last reset
  • The average score is 11 of 11
Answer Stats
国名 加盟年 % Correct
タイ 1967年
100%
インドネシア 1967年
100%
マレーシア 1967年
100%
ベトナム 1995年
100%
シンガポール 1967年
98%
ラオス 1997年
98%
ミャンマー 1997年
98%
カンボジア 1999年
98%
フィリピン 1967年
95%
ブルネイ 1984年
95%
東ティモール 2025年
93%
No matching quizzes found
Score Distribution
Percent of People with Each Score
Percentile by Number Answered
Your Score History
You have not taken this quiz since the last reset